01338cam a22002891 4500001001300000003000400013005001700017008004100034010001700075035001800092040002600110042001200136050002300148051001600171082001200187110004100199245022000240260009400460300004100554440006100595501021500656650003300871700003300904700005200937710004200989999001701031hew59000039 DLC20260227111509.0740128s1959 dcua f000 0 eng  ahew59000039  a(OCoLC)783428 aDLCcOClUdOCoLCdDLC apremarc00aL111b.A72 no. 539 aLC5251b.W3 a374.9731 aUnited States.bOffice of Education.10aParticipation in adult education :ba statistical analysis of the adult education data obtained in the October 1957 Current Population Survey of the Bureau of the Census /cby Marie D. Wann and Marthine V. Woodward. a[Washington] :bU.S. Dept. of Health, Education, and Welfare, Office of Education,c1959. ax, 37p. :bdiagrs., tables ;c27 cm. 0aCircular (United States. Office of Education) ;vno. 539 aL111.A72 with: Baccalaureate degrees conferred by American colleges in the 17th and 18th centuries / Walter Crosby Eells. [Washington] : Office of Education, 1958. Bound together subsequent to publication.5DLC 0aAdult educationvStatistics.1 aWann, Marie Di Mario,d1911-1 aWoodward, Marthine V.q(Marthine Vance),d1929-1 aUnited States.bBureau of the Census. c34198d34198